| Tag |
First Indicator |
Second Indicator |
Subfields |
| LEADER |
00000cam a2200000 a 4500 |
| 001 |
in00001069704 |
| 005 |
20150929101545.0 |
| 008 |
920512s1992 nyu b 001 0 eng d |
| 010 |
|
|
|a 91075025
|
| 020 |
|
|
|a 0878754229
|
| 035 |
|
|
|a (OCoLC)25797691
|
| 035 |
|
|
|9 AFP2008AM
|
| 040 |
|
|
|a FWR
|c FWR
|d UtOrBLW
|
| 049 |
|
|
|a TXAM
|
| 090 |
|
|
|a PS3545.E6
|b C37 1992
|
| 100 |
1 |
|
|a Carson, Barbara Harrell,
|d 1943-
|
| 245 |
1 |
0 |
|a Eudora Welty :
|b two pictures at once in her frame /
|c by Barbara Harrell Carson.
|
| 264 |
|
1 |
|a Troy, N.Y. :
|b Whitston,
|c 1992.
|
| 300 |
|
|
|a xxviii, 173 pages ;
|c 24 cm.
|
| 336 |
|
|
|a text
|b txt
|2 rdacontent
|
| 337 |
|
|
|a unmediated
|b n
|2 rdamedia
|
| 338 |
|
|
|a volume
|b nc
|2 rdacarrier
|
| 504 |
|
|
|a Includes bibliographical references (pages [158]-169) and index.
|
| 600 |
1 |
0 |
|a Welty, Eudora,
|d 1909-2001
|x Criticism and interpretation.
|
| 999 |
|
|
|a MARS
|
| 999 |
f |
f |
|s 338e0107-14bd-3478-93d8-bd14fb8a7897
|i a9f026ff-f305-346e-a860-c83b4c02a01b
|t 0
|
| 952 |
f |
f |
|p ric
|a Texas A&M University
|b Rellis Campus
|c Joint Library Facility
|d Remote Storage
|t 0
|e PS3545.E6 C37 1992
|h Library of Congress classification
|i unmediated -- volume
|m A14815660260
|
| 998 |
f |
f |
|a PS3545.E6 C37 1992
|t 0
|l Remote Storage
|